|
|
|
|
| LEADER |
00788naa a2200193 i 4500 |
| 001 |
acta60768 |
| 005 |
20260224081030.0 |
| 008 |
190828s2011 hu o 100 hun d |
| 040 |
|
|
|a SZTE Egyetemi Kiadványok Repozitórium
|b hun
|
| 041 |
|
|
|a hun
|
| 100 |
1 |
|
|a Balogh Virág
|
| 245 |
1 |
0 |
|a Implicit és explicit tanulási képesség autizmussal élőknél
|h [elektronikus dokumentum] /
|c Balogh Virág
|
| 260 |
|
|
|c 2011
|
| 300 |
|
|
|a 71
|
| 490 |
0 |
|
|a Pedagógiai Értékelési Konferencia
|v 9
|
| 695 |
|
|
|a Autizmus - előadáskivonat, Implicit tanulás - előadáskivonat, Explicit tanulás - előadáskivonat
|
| 700 |
0 |
1 |
|a Németh Dezső
|e aut
|
| 710 |
|
|
|a Pedagógiai Értékelési Konferencia (9.) (2011) (Szeged)
|
| 856 |
4 |
0 |
|u http://acta.bibl.u-szeged.hu/60768/1/pek_2011_071.pdf
|z Dokumentum-elérés
|